Consecuencias políticas del desarrollo económico / (Record no. 46852)

MARC details
000 -LEADER
campo de control de longitud fija 00703nam a2200205 i 4500
001 - NÚMERO DE CONTROL
campo de control 46852
003 - IDENTIFICADOR DE NÚMERO DE CONTROL
campo de control ES-MaACL
005 - FECHA Y HORA DE LA ÚLTIMA TRANSACCIÓN
campo de control 20230906161446.0
007 - CAMPO FIJO DE DESCRIPCIÓN FÍSICA--INFORMACIÓN GENERAL
campo de control de longitud fija t|
008 - DATOS DE LONGITUD FIJA--INFORMACIÓN GENERAL
campo de control de longitud fija 030401s1978 sp ||||1| spa d
111 2# - ENTRADA PRINCIPAL--NOMBRE DE CONGRESO/REUNIÓN
Nombre de congreso/reunión o jurisdicción como elemento de entrada Semana Económica Internacional (
Número del congreso/reunión o número de parte o sección 7ª.
Fecha del congreso o de la firma del tratado 1977.
Sede del congreso/Lugar de la reunión Madrid)
9 (RLIN) 1005
245 10 - MENCIÓN DEL TÍTULO
Título Consecuencias políticas del desarrollo económico /
Mención de responsabilidad, etc. José Ramón Alvarez Redueles, Miguel Boyer, Rafael Cabello de Alba.
250 ## - MENCION DE EDICION
Mención de edición 1ª ed.
260 ## - PUBLICACIÓN, DISTRIBUCIÓN, ETC.
Lugar de publicación, distribución, etc. [Barcelona] :
Nombre del editor, distribuidor, etc. Dopesa,
Fecha de publicación, distribución, etc. [1978]
300 ## - DESCRIPCIÓN FÍSICA
Extensión 278 p. ;
Dimensiones 24 cm.
700 1# - ENTRADA AGREGADA--NOMBRE PERSONAL
Nombre de persona Alvarez Rendueles, José Ramón.
9 (RLIN) 20929
700 1# - ENTRADA AGREGADA--NOMBRE PERSONAL
Nombre de persona Boyer, Miguel.
9 (RLIN) 31185
700 1# - ENTRADA AGREGADA--NOMBRE PERSONAL
Nombre de persona Cabello de Alba, Rafael.
9 (RLIN) 33174
852 ## - LOCALIZACIÓN
Ubicación ES-MaACL
Número de control de estantería A-8199
Sublocalización o colección R.97182
Holdings
Estatus retirado Estado de pérdida Estado de daño No para préstamo Biblioteca de origen Biblioteca actual Ubicación en estantería Fecha de adquisición Fuente de adquisición Total de préstamos Signatura topográfica completa Código de barras Visto por última vez Precio de reemplazo Tipo de ítem Koha
        Biblioteca del Ateneo de Madrid Biblioteca del Ateneo de Madrid Sala Pecera Planta 1 17/01/2008     A-8199 1049276 23/02/2023 23/02/2023 Libro impreso